000
00319 a2200157 4500
001
73735
020
_a
040
_c
Anchieta - Colégio São Paulo
100
_a
Risério, Antonio
240
1
0
_a
Fetiche
_l
por
245
1
0
_a
Fetiche
300
_a
103
362
0
_a
1996
650
4
_a
Poesia brasileira
942
_c
BK
999
_c
73735
_d
73735